| 000 | 00947 a2200241 4500 | ||
|---|---|---|---|
| 003 | UA-OsUOA | ||
| 005 | 20230406121521.0 | ||
| 008 | 230406b un ||||| |||| 00| 0 ukr d | ||
| 020 | _a9789669176882 | ||
| 040 |
_aUA-OsUOA _bukr _cUA-OsUOA _dUA-OsUOA |
||
| 041 | _aukr | ||
| 080 | _a821.161.2(410) | ||
| 090 |
_a821.161.2(410) _bГ85 |
||
| 100 | _aГрін С. | ||
| 245 |
_aПоткін і Стаббс _bроман _cСофі Грін ; пер. з англ. Марія Головко ; іл. К. Дж. Маунтфорд |
||
| 260 |
_aК. _bРідна мова _c2021 |
||
| 300 |
_a360 с. _bіл. |
||
| 490 | _aДитячий детектив | ||
| 650 |
_2UDC _a821 Художня література окремими мовами і мовними сім'ями |
||
| 942 |
_cBK _2udc |
||
| 955 | _a3 | ||
| 999 |
_c574129 _d574129 |
||